[Event "4NCL Division Two"]
[Site "Milton Keynes, ENG"]
[Date "2023.05.01"]
[Round "11.11"]
[White "Cherniaev, Alexander"]
[Black "Olson, Hamish"]
[Result "1/2-1/2"]
[WhiteElo "2509"]
[BlackElo "2304"]
[PlyCount "41"]
[EventDate "2023.05.01"]
[WhiteTeam "Barnet Knights A"]
[BlackTeam "Alba"]

1. e4 e5 2. Nf3 Nc6 3. Bb5 a6 4. Ba4 Nf6 5. O-O Be7 6. Qe2 b5 7. Bb3 O-O 8. a4
Bb7 9. c3 b4 10. d4 Na5 11. Bc2 d5 12. dxe5 Nxe4 13. Nbd2 bxc3 14. Nxe4 dxe4
15. Bxe4 Bxe4 16. Qxe4 Nb3 17. Rb1 Nc5 18. Qc2 Qd7 19. Qxc3 Qxa4 20. Be3 Ne6
21. Nd4 1/2-1/2

[Event "4NCL Division Two"]
[Site "Milton Keynes, ENG"]
[Date "2023.05.01"]
[Round "11.12"]
[White "Gourlay, Iain"]
[Black "Rocco, Federico"]
[Result "1/2-1/2"]
[WhiteElo "2297"]
[BlackElo "2182"]
[PlyCount "76"]
[EventDate "2023.05.01"]
[WhiteTeam "Alba"]
[BlackTeam "Barnet Knights A"]

1. e4 c5 2. Nf3 d6 3. Bb5+ Nd7 4. c3 Ngf6 5. Qe2 a6 6. Ba4 e6 7. O-O b5 8. Bc2
Be7 9. d4 Qc7 10. Re1 Bb7 11. Bd3 e5 12. d5 c4 13. Bc2 Nc5 14. b4 cxb3 15. axb3
O-O 16. Nbd2 Rfb8 17. b4 Ncd7 18. c4 a5 19. bxa5 Ba6 20. cxb5 Bxb5 21. Bd3 Bxd3
22. Qxd3 Rxa5 23. Rxa5 Qxa5 24. Ba3 Nc5 25. Bxc5 Qxc5 26. Nc4 Rb4 27. Nfd2 h5
28. h3 Nd7 29. Ra1 Bg5 30. Ra8+ Rb8 31. Rxb8+ Nxb8 32. Nf3 Bf4 33. Nh4 g6 34.
g3 Bxg3 35. Qxg3 Qxc4 36. Nxg6 Qxe4 37. Nxe5+ Kf8 38. Nc4 Qxc4 1/2-1/2

[Event "4NCL Division Two"]
[Site "Milton Keynes, ENG"]
[Date "2023.05.01"]
[Round "11.13"]
[White "Villiers, Thomas"]
[Black "Berry, Neil"]
[Result "1/2-1/2"]
[WhiteElo "2160"]
[BlackElo "2252"]
[PlyCount "39"]
[EventDate "2023.05.01"]
[WhiteTeam "Barnet Knights A"]
[BlackTeam "Alba"]

1. e4 e5 2. Qh5 Nc6 3. Bc4 Qe7 4. c3 Nf6 5. Qe2 d6 6. d3 g6 7. Bg5 Bg7 8. Nd2
h6 9. Bh4 O-O 10. Ngf3 Nd8 11. Nf1 Ne6 12. Ne3 Nf4 13. Bxf6 Qxf6 14. Nd5 Nxd5
15. Bxd5 c6 16. Bb3 a5 17. a4 Bg4 18. h3 Bxf3 19. Qxf3 Qxf3 20. gxf3 1/2-1/2

[Event "4NCL Division Two"]
[Site "Milton Keynes, ENG"]
[Date "2023.05.01"]
[Round "11.14"]
[White "Shafi, Declan"]
[Black "Stoica, Savas Marin"]
[Result "0-1"]
[WhiteElo "2177"]
[BlackElo "2249"]
[PlyCount "116"]
[EventDate "2023.05.01"]
[WhiteTeam "Alba"]
[BlackTeam "Barnet Knights A"]

1. d4 Nf6 2. Nf3 g6 3. g3 Bg7 4. Bg2 O-O 5. O-O d5 6. c4 dxc4 7. Na3 a5 8. Nxc4
Be6 9. Ncd2 Nc6 10. e3 a4 11. Qe2 Qc8 12. Ne1 Bh3 13. Nd3 Bxg2 14. Kxg2 Nd7 15.
f4 Na5 16. Nf3 c5 17. Bd2 cxd4 18. Rac1 Qd8 19. exd4 Nf6 20. Nde5 Qb6 21. Rc2
Qe6 22. Qb5 b6 23. Rfc1 Nb7 24. Qc4 Qd5 25. Bb4 Nd6 26. Bxd6 exd6 27. Nd3 Qf5
28. Nb4 Rfe8 29. Qd3 Qxd3 30. Nxd3 Re3 31. Rc8+ Rxc8 32. Rxc8+ Bf8 33. Nfe1
Re2+ 34. Kf3 Rxh2 35. Ra8 b5 36. Rb8 Rh5 37. g4 Rh3+ 38. Kg2 Re3 39. g5 Nh5 40.
Kf2 Re4 41. Nc2 d5 42. Kf3 b4 43. Rb5 a3 44. b3 f5 45. Rxd5 h6 46. Ne3 hxg5 47.
fxg5 Be7 48. Nc2 Rh4 49. Ncxb4 Bxg5 50. Rd6 Bf6 51. d5 g5 52. Rc6 Rd4 53. Rc4
g4+ 54. Ke2 f4 55. Rxd4 Bxd4 56. Nc2 f3+ 57. Ke1 Bb6 58. Ne5 f2+ 0-1

[Event "4NCL Division Two"]
[Site "Milton Keynes, ENG"]
[Date "2023.05.01"]
[Round "11.15"]
[White "Josse, Mark"]
[Black "McKay, Roderick M"]
[Result "1/2-1/2"]
[WhiteElo "2160"]
[BlackElo "2207"]
[PlyCount "26"]
[EventDate "2023.05.01"]
[WhiteTeam "Barnet Knights A"]
[BlackTeam "Alba"]

1. d4 d5 2. c4 e6 3. Nc3 c6 4. cxd5 exd5 5. Nf3 Bf5 6. Bf4 Bd6 7. Bxd6 Qxd6 8.
e3 Nd7 9. Bd3 Bxd3 10. Qxd3 Ngf6 11. O-O O-O 12. Rab1 a5 13. Rfe1 Rfe8 1/2-1/2

[Event "4NCL Division Two"]
[Site "Milton Keynes, ENG"]
[Date "2023.05.01"]
[Round "11.16"]
[White "White, Stuart A"]
[Black "Badacsonyi, Stanley"]
[Result "1/2-1/2"]
[WhiteElo "2051"]
[BlackElo "2154"]
[PlyCount "119"]
[EventDate "2023.05.01"]
[WhiteTeam "Alba"]
[BlackTeam "Barnet Knights A"]

{[%evp 0,93,19,34,27,28,35,30,37,36,36,45,39,39,57,39,48,58,52,7,61,-31,18,-57,
-27,-37,-27,-23,-47,-122,-122,-122,-122,-165,-114,-127,-146,-161,-135,-145,
-143,-145,-113,-113,-78,-73,-73,-96,-67,-158,-157,-241,-197,-574,-233,-253,
-253,-257,-271,-276,-181,-185,-195,-211,0,0,0,0,254,290,600,618,646,254,290,
196,335,342,354,344,342,342,342,342,400,389,366,326,332,248,242,242,242,246,
248,252]} 1. d4 Nf6 2. Nf3 g6 3. c4 Bg7 4. Nc3 d6 5. e4 O-O 6. Be2 e5 7. Be3
Ng4 8. Bg5 f6 9. Bc1 Nc6 10. O-O f5 11. dxe5 Ngxe5 12. exf5 Bxf5 13. Qd5+ Kh8
14. a3 Nxf3+ 15. Qxf3 Nd4 16. Qxb7 Qd7 17. Bd1 Bd3 18. Re1 Bxc4 19. Be3 Qf7 20.
Rc1 Rab8 21. Qxa7 Nc6 22. Qa4 Ne5 23. Be2 Rxb2 24. f4 Bxe2 25. fxe5 Bc4 26.
exd6 Rxg2+ 27. Kxg2 Qf3+ 28. Kg1 Qg4+ 29. Kh1 Bd5+ 30. Nxd5 Qxa4 31. dxc7 Qa8
32. Kg1 Qc8 33. Rc4 Qe6 34. Nb6 Rc8 35. Bf2 Qf7 36. Rec1 Rf8 37. R1c2 Be5 38.
c8=Q Rxc8 39. Rxc8+ Kg7 40. Nc4 Bf4 41. Ne3 Qe7 42. Ng2 Be5 43. a4 Qa3 44. Re2
Qh3 45. Rxe5 Qxc8 46. a5 Qc6 47. Re1 Qa4 48. Bb6 h5 49. h4 Kf6 50. Rf1+ Kg7 51.
Rf4 Qb5 52. Bd4+ Kg8 53. Bb6 Kg7 54. Rf1 Qa4 55. Kh2 Qb5 56. Bd4+ Kg8 57. Ra1
Qa6 58. Kg1 Qd3 59. Bb6 Qa6 60. Rf1 1/2-1/2

[Event "4NCL Division Two"]
[Site "Milton Keynes, ENG"]
[Date "2023.05.01"]
[Round "11.17"]
[White "Willmoth, Robert F"]
[Black "Roy, Ali"]
[Result "1/2-1/2"]
[WhiteElo "2135"]
[BlackElo "1925"]
[PlyCount "118"]
[EventDate "2023.05.01"]
[WhiteTeam "Barnet Knights A"]
[BlackTeam "Alba"]

1. d4 d5 2. Nf3 Nf6 3. c3 e6 4. Nbd2 Be7 5. e3 O-O 6. Bd3 Nbd7 7. O-O c5 8. Qe2
b6 9. e4 dxe4 10. Nxe4 Bb7 11. Rd1 cxd4 12. Nxd4 Bxe4 13. Bxe4 Nxe4 14. Qxe4
Nf6 15. Qf3 Qe8 16. Nc6 Rc8 17. Nxe7+ Qxe7 18. Bg5 Rfd8 19. g3 h6 20. Bxf6 Qxf6
21. Qb7 Rxd1+ 22. Rxd1 Rd8 23. Rd7 Rxd7 24. Qxd7 Qf5 25. Qd1 b5 26. h4 h5 27.
b3 Kh7 28. c4 Kg6 29. Qd2 a6 30. cxb5 axb5 31. Kh2 b4 32. Qd4 Qc2 33. Kg2 Qc6+
34. Kf1 Qa6+ 35. Ke1 Qa5 36. Qd2 Qe5+ 37. Kf1 Qb5+ 38. Kg1 Qc5 39. Qd3+ Qf5 40.
Qc4 Qa5 41. Kf1 Kf6 42. Qf4+ Kg6 43. Ke1 Qc5 44. Kd1 Qd5+ 45. Ke2 Qb5+ 46. Ke3
Qc5+ 47. Qd4 Qc1+ 48. Kd3 Qf1+ 49. Kd2 Qb5 50. Qd3+ Qf5 51. Ke3 Kf6 52. f4 Qa5
53. Qd4+ e5 54. Qd6+ Kf5 55. Qd7+ Kf6 56. Ke4 Qa8+ 57. Ke3 exf4+ 58. Kxf4 Qb8+
59. Kf3 Qe5 1/2-1/2

[Event "4NCL Division Two"]
[Site "Milton Keynes, ENG"]
[Date "2023.05.01"]
[Round "11.18"]
[White "Vijayakumar, Rishi"]
[Black "Weber, Madeline"]
[Result "0-1"]
[WhiteElo "1846"]
[BlackElo "2105"]
[PlyCount "80"]
[EventDate "2023.05.01"]
[WhiteTeam "Alba"]
[BlackTeam "Barnet Knights A"]

1. d4 Nf6 2. c4 e6 3. Nf3 b6 4. g3 Bb7 5. Bg2 Be7 6. O-O O-O 7. Nc3 Ne4 8. Nxe4
Bxe4 9. Bf4 d6 10. Qd2 Nd7 11. Rad1 Rc8 12. h4 d5 13. cxd5 Bxd5 14. b4 Nf6 15.
Rfe1 Ne4 16. Qb2 Qe8 17. Ne5 Qa4 18. f3 Nd6 19. e4 Bb7 20. Bf1 Nb5 21. h5 a6
22. h6 g5 23. Bd2 f6 24. Nd7 Rfd8 25. Bc4 Bd5 26. exd5 Rxd7 27. d6 Rxd6 28.
Bxe6+ Rxe6 29. Rxe6 Qxd1+ 30. Kf2 Kf7 31. d5 g4 32. Re3 Rd8 33. a4 Rxd5 34. Be1
Nd4 35. Qa2 Qc2+ 36. Qxc2 Nxc2 37. Re4 Nxe1 38. Rxg4 Nd3+ 39. Ke3 Bf8 40. Rc4
Bxh6+ 0-1

[Event "4NCL Division Two"]
[Site "Milton Keynes, ENG"]
[Date "2023.05.01"]
[Round "11.31"]
[White "Cumming, Rhys"]
[Black "Ward, Chris G"]
[Result "0-1"]
[WhiteElo "2360"]
[BlackElo "2382"]
[PlyCount "86"]
[EventDate "2023.05.01"]
[WhiteTeam "Sussex Martlets 1"]
[BlackTeam "KJCA Kings"]

1. e4 c5 2. Nf3 d6 3. d4 cxd4 4. Nxd4 Nf6 5. Nc3 g6 6. Be3 Bg7 7. f3 Nc6 8. Qd2
O-O 9. O-O-O d5 10. exd5 Nxd5 11. Nxc6 bxc6 12. Bd4 e5 13. Bc5 Be6 14. Ne4 Re8
15. h4 h5 16. Bc4 Qc7 17. g4 Rad8 18. gxh5 Nf4 19. Bd6 Qc8 20. h6 Bxc4 21. hxg7
Qf5 22. h5 gxh5 23. Rdg1 f6 24. Kb1 Bd5 25. Qb4 Qe6 26. Bf8 Bxa2+ 27. Ka1 Bd5
28. Rh4 Bxe4 29. Qxe4 Rd4 30. Qe3 Red8 31. b3 Qf5 32. Rh2 Rd1+ 33. Rxd1 Rxd1+
34. Kb2 Qd7 35. Bc5 Qd5 36. Rg2 h4 37. Rg4 h3 38. Rxf4 h2 39. Rh4 h1=Q 40. Rh8+
Kxg7 41. Rxh1 Rxh1 42. Bxa7 Qa5 43. Qf2 Qa1# 0-1

[Event "4NCL Division Two"]
[Site "Milton Keynes, ENG"]
[Date "2023.05.01"]
[Round "11.32"]
[White "Merriman, John"]
[Black "Graham, David B"]
[Result "0-1"]
[WhiteElo "2361"]
[BlackElo "2206"]
[PlyCount "96"]
[EventDate "2023.05.01"]
[WhiteTeam "KJCA Kings"]
[BlackTeam "Sussex Martlets 1"]

1. d4 d5 2. c4 c6 3. Nc3 Nf6 4. e3 g6 5. Nf3 Bg7 6. Be2 O-O 7. O-O Ne4 8. Qc2
Bf5 9. Bd3 Na6 10. a3 Nxc3 11. bxc3 Bxd3 12. Qxd3 dxc4 13. Qxc4 c5 14. Rb1 Qc8
15. Qe2 Nc7 16. e4 Ne6 17. d5 Nc7 18. c4 b6 19. Bf4 Ne8 20. Rb3 Qg4 21. Qe3 Nd6
22. h3 Qd7 23. Nd2 e5 24. Bh6 Rae8 25. Bxg7 Kxg7 26. Rc3 f5 27. exf5 gxf5 28.
Re1 Kh8 29. Qh6 Qe7 30. f4 e4 31. Nf3 Nf7 32. Qh4 Qxh4 33. Nxh4 Nd6 34. g3 Rg8
35. Ng2 e3 36. Kh2 Re4 37. Rexe3 Rxc4 38. Rxc4 Nxc4 39. Rc3 b5 40. Nh4 Rd8 41.
Rd3 Nd6 42. g4 c4 43. Rd1 a5 44. Nxf5 Nxf5 45. gxf5 c3 46. d6 b4 47. f6 Kg8 48.
d7 c2 0-1

[Event "4NCL Division Two"]
[Site "Milton Keynes, ENG"]
[Date "2023.05.01"]
[Round "11.33"]
[White "Forster, Matthew"]
[Black "Dishman, Stephen"]
[Result "1/2-1/2"]
[WhiteElo "2119"]
[BlackElo "2267"]
[PlyCount "37"]
[EventDate "2023.05.01"]
[WhiteTeam "Sussex Martlets 1"]
[BlackTeam "KJCA Kings"]

1. c4 c6 2. Nf3 d5 3. g3 Bg4 4. Bg2 e6 5. cxd5 Bxf3 6. Bxf3 cxd5 7. d4 Nc6 8.
O-O Nf6 9. Bg5 Qb6 10. Bxf6 gxf6 11. e3 Qxb2 12. Nd2 Bb4 13. Nb3 O-O 14. a3
Bxa3 15. e4 dxe4 16. Bxe4 f5 17. Bxc6 bxc6 18. Qd3 Bb4 19. Rfc1 1/2-1/2

[Event "4NCL Division Two"]
[Site "Milton Keynes, ENG"]
[Date "2023.05.01"]
[Round "11.34"]
[White "Harakis, Alexis M"]
[Black "Salmons, Calum"]
[Result "1-0"]
[WhiteElo "2268"]
[BlackElo "2135"]
[PlyCount "65"]
[EventDate "2023.05.01"]
[WhiteTeam "KJCA Kings"]
[BlackTeam "Sussex Martlets 1"]

1. d4 d5 2. c4 c6 3. cxd5 cxd5 4. Nc3 Nc6 5. e4 dxe4 6. d5 Ne5 7. Qa4+ Bd7 8.
Qxe4 Ng6 9. Bc4 Nf6 10. Qe2 a6 11. h4 Qc7 12. Bb3 b5 13. Bg5 h6 14. Bxf6 gxf6
15. h5 Nf4 16. Qf3 Qe5+ 17. Kf1 b4 18. Re1 bxc3 19. Rxe5 cxb2 20. Qxf4 Bb5+ 21.
Bc4 fxe5 22. Bxb5+ axb5 23. Qb4 Rxa2 24. Qxb5+ Kd8 25. Qb6+ Kd7 26. Nf3 Bg7 27.
Qb7+ Kd8 28. Nd2 Ra1+ 29. Ke2 Rxh1 30. Qxb2 f6 31. Qb8+ Kd7 32. Qb7+ Ke8 33. d6
1-0

[Event "4NCL Division Two"]
[Site "Milton Keynes, ENG"]
[Date "2023.05.01"]
[Round "11.35"]
[White "Miller, Dominic"]
[Black "Verma, Aditya"]
[Result "1/2-1/2"]
[WhiteElo "2111"]
[BlackElo "2252"]
[PlyCount "54"]
[EventDate "2023.05.01"]
[WhiteTeam "Sussex Martlets 1"]
[BlackTeam "KJCA Kings"]

1. e4 c5 2. Nf3 d6 3. d4 cxd4 4. Nxd4 Nf6 5. Nc3 g6 6. Be3 Bg7 7. f3 Nc6 8. Qd2
O-O 9. O-O-O d5 10. exd5 Nxd5 11. Nxc6 bxc6 12. Bd4 e5 13. Bc5 Be6 14. Ne4 Re8
15. h4 h6 16. g4 Qc7 17. Bc4 Red8 18. Qe1 Nf4 19. Bxe6 Nxe6 20. Qc3 Rd5 21. Bd6
Qb6 22. Be7 Nf4 23. Kb1 Rxd1+ 24. Rxd1 Nd5 25. Qa3 Rb8 26. Bc5 Qb5 27. Qb3 Qxb3
1/2-1/2

[Event "4NCL Division Two"]
[Site "Milton Keynes, ENG"]
[Date "2023.05.01"]
[Round "11.36"]
[White "Merriman, James"]
[Black "Blake, J Morgan"]
[Result "1/2-1/2"]
[WhiteElo "2203"]
[BlackElo "2130"]
[PlyCount "93"]
[EventDate "2023.05.01"]
[WhiteTeam "KJCA Kings"]
[BlackTeam "Sussex Martlets 1"]

1. d4 Nf6 2. c4 e6 3. Nc3 Bb4 4. Qc2 d5 5. cxd5 exd5 6. Nf3 O-O 7. Bg5 Re8 8.
e3 Nbd7 9. Bd3 h6 10. Bh4 c5 11. O-O Bxc3 12. Qxc3 c4 13. Bc2 Qe7 14. b3 Qa3
15. Nd2 b5 16. Nb1 Qf8 17. bxc4 dxc4 18. a4 b4 19. Qxc4 a5 20. Qe2 Bb7 21. Bd3
Qd6 22. Nd2 Nd5 23. Bg3 Qf6 24. Bb5 Nc3 25. Qd3 Ba6 26. Bxa6 Qxa6 27. Qxa6 Rxa6
28. Nb3 Rc8 29. Rfe1 f5 30. Kf1 Nb6 31. Nc5 Ra7 32. h4 g5 33. hxg5 hxg5 34. f3
Nc4 35. Kf2 Re8 36. e4 f4 37. Bh2 Rh7 38. Bg1 Rh1 39. e5 Kf7 40. Ne4 Nxe4+ 41.
fxe4 b3 42. Re2 Rd8 43. Rb1 b2 44. g3 Ke6 45. Kg2 Rxg1+ 46. Kxg1 Rxd4 47. gxf4
1/2-1/2

[Event "4NCL Division Two"]
[Site "Milton Keynes, ENG"]
[Date "2023.05.01"]
[Round "11.37"]
[White "Willson, Ollie"]
[Black "Verma, Shlok"]
[Result "1/2-1/2"]
[WhiteElo "2135"]
[BlackElo "2055"]
[PlyCount "92"]
[EventDate "2023.05.01"]
[WhiteTeam "Sussex Martlets 1"]
[BlackTeam "KJCA Kings"]

1. d4 d5 2. c4 dxc4 3. Nf3 Nf6 4. e3 e6 5. Bxc4 a6 6. O-O b5 7. Be2 Bb7 8. a4
b4 9. b3 Nbd7 10. Bb2 c5 11. Nbd2 Be7 12. Ne5 O-O 13. Ndc4 Qc7 14. Rc1 Rfd8 15.
Qc2 Nxe5 16. Nxe5 Rac8 17. Nd3 Nd7 18. Rfd1 Qb8 19. dxc5 Nxc5 20. Nxc5 Rxc5 21.
Rxd8+ Qxd8 22. Qd3 Qxd3 23. Bxd3 Rxc1+ 24. Bxc1 Bd5 25. Bc2 Bd8 26. e4 Bc6 27.
Be3 a5 28. Kf1 Kf8 29. Ke2 Ke7 30. Bc5+ Kd7 31. Kd3 Bb7 32. Bd4 Ba6+ 33. Ke3 f6
34. f4 Kc6 35. g4 Bb6 36. e5 fxe5 37. Be4+ Kc7 38. Bxb6+ Kxb6 39. Bxh7 Kc5 40.
f5 exf5 41. Bxf5 g5 42. Be4 Bc8 43. Bf3 Be6 44. Bd1 Bd5 45. Kd3 Bh1 46. Ke3 Bd5
1/2-1/2

[Event "4NCL Division Two"]
[Site "Milton Keynes, ENG"]
[Date "2023.05.01"]
[Round "11.38"]
[White "Chaban, Roxolana"]
[Black "Graham, Cassie M"]
[Result "0-1"]
[WhiteElo "1766"]
[BlackElo "1997"]
[PlyCount "60"]
[EventDate "2023.05.01"]
[WhiteTeam "KJCA Kings"]
[BlackTeam "Sussex Martlets 1"]

1. e4 c5 2. Nf3 d6 3. d4 cxd4 4. Nxd4 Nf6 5. Nc3 g6 6. Be3 Bg7 7. f3 O-O 8. Qd2
Nc6 9. O-O-O d5 10. Nxc6 bxc6 11. Bh6 Qa5 12. Bxg7 Kxg7 13. exd5 cxd5 14. h4 h5
15. Qd4 Be6 16. Be2 Rab8 17. a3 Rfc8 18. Rhg1 Kh7 19. g3 Rc6 20. Rde1 Rbc8 21.
Rg2 Rxc3 22. bxc3 Rxc3 23. Qb4 Qc7 24. Bd3 Rxd3 25. Rf2 Rc3 26. Kb2 Rc4 27. Qd2
Qb8+ 28. Kc1 Bf5 29. Qe3 Qc7 30. Ree2 Rc3 0-1

[Event "4NCL Division Two"]
[Site "Milton Keynes, ENG"]
[Date "2023.05.01"]
[Round "11.51"]
[White "Jackson, James P"]
[Black "Taylor, Adam A"]
[Result "1-0"]
[WhiteElo "2393"]
[BlackElo "2259"]
[PlyCount "49"]
[EventDate "2023.05.01"]
[WhiteTeam "The Rookies"]
[BlackTeam "North East England"]

1. e4 c5 2. Nc3 d6 3. Nf3 e5 4. Bc4 Be7 5. d3 h6 6. Nd2 Nf6 7. Nf1 Nc6 8. a3
Bg4 9. f3 Be6 10. Ne3 Qd7 11. O-O Nd4 12. a4 O-O 13. Ncd5 Nh7 14. c3 Nc6 15. a5
Bd8 16. a6 Na5 17. Rxa5 Bxa5 18. axb7 Qxb7 19. f4 exf4 20. Nf5 Bxf5 21. exf5
Bd8 22. Qf3 Qd7 23. Bxf4 Nf6 24. Qh3 Rb8 25. Bxh6 1-0

[Event "4NCL Division Two"]
[Site "Milton Keynes, ENG"]
[Date "2023.05.01"]
[Round "11.52"]
[White "Stubbs, Oliver"]
[Black "Okhai, Shabir"]
[Result "1/2-1/2"]
[WhiteElo "2195"]
[BlackElo "2127"]
[PlyCount "103"]
[EventDate "2023.05.01"]
[WhiteTeam "North East England"]
[BlackTeam "The Rookies"]

1. d4 Nf6 2. Nf3 e6 3. Bf4 c5 4. e3 d5 5. Nbd2 Nc6 6. c3 cxd4 7. exd4 Nh5 8.
Be3 Bd6 9. Ne5 Nf6 10. f4 Qb6 11. Qb3 Ng8 12. g3 Nge7 13. Bf2 f6 14. Nxc6 bxc6
15. Qc2 Ba6 16. O-O-O Bxf1 17. Rhxf1 Kf7 18. c4 Qa6 19. c5 Bc7 20. Kb1 Rhe8 21.
Nb3 f5 22. h3 g6 23. Rd3 Qc4 24. Nd2 Qxc2+ 25. Kxc2 Ng8 26. Ra3 a6 27. Be1 Nf6
28. Rff3 Ke7 29. Ra4 Ra7 30. Rfa3 Rea8 31. Kd3 Kd7 32. Ke3 h6 33. Nf3 Ne4 34.
h4 Kc8 35. Nd2 Nxd2 36. Bxd2 Bd8 37. Ba5 Bxa5 38. Rxa5 Kc7 39. Kd2 Kc8 40. Kc2
Kc7 41. Re3 Re8 42. Rea3 Rea8 43. R3a4 Kc8 44. b3 Kc7 45. Kd3 Kc8 46. Ke3 Kc7
47. Kf3 Kc8 48. g4 Kc7 49. Kg3 Kc8 50. Rb4 Rb7 51. Rba4 Rba7 52. Kf3 1/2-1/2

[Event "4NCL Division Two"]
[Site "Milton Keynes, ENG"]
[Date "2023.05.01"]
[Round "11.53"]
[White "Byron, Alan M"]
[Black "Dargan, Paul A G"]
[Result "1-0"]
[WhiteElo "2181"]
[BlackElo "2164"]
[PlyCount "49"]
[EventDate "2023.05.01"]
[WhiteTeam "The Rookies"]
[BlackTeam "North East England"]

{[%evp 0,49,25,36,38,60,41,31,74,56,41,3,8,15,15,16,18,19,21,31,17,-5,-5,1,1,
-11,-1,4,5,-8,18,15,72,-41,-30,-82,-68,-62,-42,-120,-44,-46,-46,-101,-26,-9,
-22,-22,-24,-13,312,309]} 1. e4 c5 2. Nf3 Nc6 3. Bb5 g6 4. O-O Bg7 5. c3 Nf6 6.
e5 Nd5 7. d4 cxd4 8. cxd4 O-O 9. Nc3 Nc7 10. Ba4 d6 11. Bxc6 bxc6 12. Qa4 Bd7
13. exd6 exd6 14. Bg5 f6 15. Bf4 c5 16. Qc4+ Be6 17. d5 Bc8 18. b4 g5 19. Be3
Ba6 20. b5 Bb7 21. Rfd1 g4 22. Qxg4 f5 23. Qc4 Bxc3 24. Qxc3 Bxd5 25. Rxd5 1-0

[Event "4NCL Division Two"]
[Site "Milton Keynes, ENG"]
[Date "2023.05.01"]
[Round "11.54"]
[White "Henderson, David"]
[Black "Burrows, Martin P"]
[Result "1-0"]
[WhiteElo "2143"]
[BlackElo "2121"]
[PlyCount "73"]
[EventDate "2023.05.01"]
[WhiteTeam "North East England"]
[BlackTeam "The Rookies"]

1. e4 c5 2. c3 d5 3. exd5 Qxd5 4. d4 e6 5. Nf3 Nf6 6. Na3 Qd8 7. Nc4 Be7 8. Bd3
O-O 9. O-O Nbd7 10. Bf4 Nd5 11. Bg3 b5 12. Ne3 c4 13. Nxd5 exd5 14. Bc2 Bb7 15.
Ne5 Nf6 16. f3 a5 17. Qd2 Nh5 18. Bf2 Bg5 19. Be3 Bxe3+ 20. Qxe3 Re8 21. Qd2
Qh4 22. g3 Qe7 23. Rae1 Qd6 24. Qg5 Nf6 25. Qf4 Qf8 26. Qh4 h6 27. Qf4 Ra6 28.
Kf2 Bc8 29. Re2 Nd7 30. Rfe1 Nxe5 31. Rxe5 Rxe5 32. Qxe5 Be6 33. f4 f6 34. Qc7
Qd6 35. Qb7 Qb6 36. Qe7 Qd6 37. Qe8+ 1-0

[Event "4NCL Division Two"]
[Site "Milton Keynes, ENG"]
[Date "2023.05.01"]
[Round "11.55"]
[White "Jones, Christopher M"]
[Black "Coathup, Roger H"]
[Result "1/2-1/2"]
[WhiteElo "2117"]
[BlackElo "2137"]
[PlyCount "85"]
[EventDate "2023.05.01"]
[WhiteTeam "The Rookies"]
[BlackTeam "North East England"]

1. d4 Nf6 2. Nf3 g6 3. g3 Bg7 4. Bg2 O-O 5. O-O d6 6. c4 c6 7. Nc3 Bf5 8. Re1
Ne4 9. Nd2 Nxc3 10. bxc3 Na6 11. e4 Be6 12. Qa4 Qc7 13. Rb1 Rab8 14. Nf3 c5 15.
d5 Bd7 16. Qa3 e5 17. Bd2 Rbe8 18. Qc1 Nb8 19. Bh6 Bc8 20. Bxg7 Kxg7 21. Qa3 b6
22. Qc1 f5 23. exf5 Bxf5 24. Rb2 h6 25. Nh4 Bc8 26. Qb1 Rf6 27. f4 Qf7 28. fxe5
dxe5 29. Rf1 Rxf1+ 30. Bxf1 Rf8 31. Bd3 g5 32. Ng6 Re8 33. Rf2 Qg8 34. Bf5 Qf7
35. Bxc8 Qxg6 36. Bf5 Qd6 37. Be6 Rf8 38. Qf1 Rxf2 39. Qxf2 Qf8 40. Qe3 Qf6 41.
Qd3 e4 42. Qxe4 Qxc3 43. Kg2 1/2-1/2

[Event "4NCL Division Two"]
[Site "Milton Keynes, ENG"]
[Date "2023.05.01"]
[Round "11.56"]
[White "Dunn, Andrew"]
[Black "Agnew, Alan"]
[Result "1/2-1/2"]
[WhiteElo "2141"]
[BlackElo "2148"]
[PlyCount "83"]
[EventDate "2023.05.01"]
[WhiteTeam "North East England"]
[BlackTeam "The Rookies"]

1. d4 d5 2. c4 e6 3. Nf3 Nf6 4. g3 Be7 5. Bg2 O-O 6. O-O c6 7. Qc2 b6 8. Rd1
Bb7 9. Nc3 dxc4 10. Ne5 Qc8 11. Nxc4 c5 12. Bxb7 Qxb7 13. dxc5 Bxc5 14. Bf4 Na6
15. Nd6 Qc6 16. Qa4 Qxa4 17. Nxa4 Bxd6 18. Bxd6 Rfc8 19. Nc3 Nc5 20. f3 a6 21.
Rac1 h5 22. b4 Ncd7 23. e4 Rc4 24. e5 Rac8 25. Ne2 Nd5 26. Rxc4 Rxc4 27. Rc1
Rxc1+ 28. Nxc1 f6 29. exf6 gxf6 30. f4 Kf7 31. Nd3 Kg6 32. Kf2 Kf5 33. Kf3 e5
34. Nf2 Ke6 35. fxe5 Nxe5+ 36. Bxe5 Kxe5 37. a3 Kd4 38. g4 h4 39. Nh3 Ke5 40.
Nf2 Kd4 41. Nh3 Ke5 42. Nf2 1/2-1/2

[Event "4NCL Division Two"]
[Site "Milton Keynes, ENG"]
[Date "2023.05.01"]
[Round "11.57"]
[White "Compton, Alistair"]
[Black "Gazis, Georgios"]
[Result "1/2-1/2"]
[WhiteElo "2118"]
[BlackElo "1943"]
[PlyCount "64"]
[EventDate "2023.05.01"]
[WhiteTeam "The Rookies"]
[BlackTeam "North East England"]

1. e4 c5 2. f4 d5 3. exd5 Qxd5 4. Nc3 Qd8 5. Nf3 Nf6 6. Bc4 e6 7. d3 Be7 8. O-O
O-O 9. Ne5 Bd7 10. a4 Nc6 11. Qe2 Na5 12. Ba2 Bc6 13. Bd2 b6 14. Bxe6 Bb7 15.
Ba2 Nc6 16. Be3 Nd4 17. Qd2 Bd6 18. Nb5 Bxe5 19. fxe5 Ng4 20. Bg5 Qd7 21. Rae1
Nxb5 22. axb5 Qd4+ 23. Kh1 Qxb2 24. Bxf7+ Rxf7 25. Rxf7 Kxf7 26. Qf4+ Kg8 27.
Qxg4 Qxc2 28. Qc4+ Qxc4 29. dxc4 h6 30. Bf4 Kf7 31. Kg1 Ke6 32. Rd1 Be4 1/2-1/2

[Event "4NCL Division Two"]
[Site "Milton Keynes, ENG"]
[Date "2023.05.01"]
[Round "11.58"]
[White "Salazar Eyre, Emma"]
[Black "Pyun, Lindsay"]
[Result "1/2-1/2"]
[WhiteElo "1736"]
[BlackElo "1827"]
[PlyCount "58"]
[EventDate "2023.05.01"]
[WhiteTeam "North East England"]
[BlackTeam "The Rookies"]

1. e4 e5 2. Nf3 Nc6 3. Bb5 Nf6 4. O-O Nxe4 5. d4 Nd6 6. Ba4 Be7 7. dxe5 Nf5 8.
Nc3 O-O 9. Nd5 h6 10. Bf4 Nb4 11. Nxe7+ Nxe7 12. Bb3 a5 13. a3 Na6 14. Qd2 Kh7
15. Qxa5 b6 16. Qd2 Bb7 17. Qd3+ Kh8 18. Ba2 Nc5 19. Qd1 Ne6 20. Bg3 Nf5 21. c3
Qe7 22. Bb1 Nxg3 23. hxg3 Nc5 24. Re1 Bxf3 25. Qxf3 d6 26. Qe3 Rfe8 27. exd6
Qxe3 28. Rxe3 Rxe3 29. fxe3 cxd6 1/2-1/2

[Event "4NCL Division Two"]
[Site "Milton Keynes, ENG"]
[Date "2023.05.01"]
[Round "11.21"]
[White "Merry, Alan B"]
[Black "Kosten, Anthony C."]
[Result "1-0"]
[WhiteElo "2434"]
[BlackElo "2354"]
[PlyCount "85"]
[EventDate "2023.05.01"]
[WhiteTeam "Barbican 4NCL"]
[BlackTeam "The ADs"]

1. d4 Nf6 2. c4 e6 3. g3 d5 4. Nf3 Bb4+ 5. Bd2 Bd6 6. Bg2 O-O 7. O-O Nbd7 8. Qb3 c6 9. Nc3 h6 10. Rad1 Qe7 11. Nh4 dxc4 12. Qxc4 Nb6 13. Qb3 Rd8 14. e4 Bc7 15. e5 Nh7 16. Be3 a5 17. a3 a4 18. Qc2 Nf8 19. f4 Bd7 20. Kh1 f5 21. exf6 Qxf6 22. Ne4 Qe7 23. Nc5 Nd5 24. Bc1 b5 25. Rde1 Qf7 26. f5 exf5 27. Nxf5 Bxf5 28. Rxf5 Nf6 29. Ne4 N8h7 30. Qxc6 Rac8 31. Qxb5 Rxd4 32. Ref1 Bd8 33. Be3 Rd7 34. Qxa4 Qe7 35. Nxf6+ Nxf6 36. Bxh6 Ra7 37. Qb3+ Kh7 38. Bg5 Qe2 39. R5f2 Qh5 40. Qd3+ Kh8 41. Rf5 Qe8 42. Bxf6 Bxf6 43. Qd1 1-0

[Event "4NCL Division Two"]
[Site "Milton Keynes, ENG"]
[Date "2023.05.01"]
[Round "11.22"]
[White "Davies, Nigel R"]
[Black "Taylor, Martin R"]
[Result "1/2-1/2"]
[WhiteElo "2381"]
[BlackElo "2351"]
[PlyCount "34"]
[EventDate "2023.05.01"]
[WhiteTeam "The ADs"]
[BlackTeam "Barbican 4NCL"]

1. Nf3 f5 2. b3 d6 3. d4 Nf6 4. Bb2 g6 5. g3 Bg7 6. Bg2 O-O 7. O-O c6 8. Nbd2 a5 9. c4 Na6 10. e3 e5 11. dxe5 Nd7 12. Nd4 Nxe5 13. Qe2 Bd7 14. Rad1 Qc7 15. Nb1 Rad8 16. Nc3 Nc5 17. Qc2 Rfe8 1/2-1/2